Criminologa̕ curso de postgrado

Detalles Bibliográficos
Autor principal: Peą Labrn̕, Daniel Ernesto
Formato: eBook
Lenguaje:español
Publicado: Barcelona : Editorial vLex, 2013
Materias:
Acceso en línea:http://www.vlex.com/source/7369

MARC

LEADER 00000nam a22000007a 4500
005 20130308092159.0
007 cr|||| ||||
008 130308e2013 sp |||||s|||| 00||0 spa d
035 |a 7369 
040 |a vLex 
090 |c 3861  |d 3861 
100 1 0 |a Peą Labrn̕, Daniel Ernesto  
245 1 0 |a Criminologa̕  |b curso de postgrado  |c / Daniel Ernesto Peą Labrn̕   |h [Recurso electrn̤ico]  
256 |a Servicio en ln̕ea 
260 |a Barcelona :   |b Editorial vLex,   |c 2013 
300 |a 1 Recurso electrn̤ico 
506 |d vLex Global  |d vLex Global (Academic Edition, excluding Law Schools)  |d vLex Global (U.S. Academic Edition, Law Schools)  |d vLex Global (U.S. Academic Edition, excluding Law Schools)  |d vLex Global (Academic Edition, Law Schools) 
650 0 4 |a Criminologa̕ 
740 |a vLex Libros (Servicio en ln̕ea) 
856 |a Acceso restringido  |u http://www.vlex.com/source/7369 
942 |c BOOK 
999 0 |a Criminology